Steps for RNA Transcription - Statistics

General Stats
  • This quiz has been taken 20 times
  • The average score is 4 of 8
Answer Stats
Hint Answer % Correct
Step 2 Polymerase unwinds DNA (start codon)
77%
Step 1 DNA is bound
69%
Step 4 Elongation! Nucleotides added, 5´->3´
69%
Step 5 Termination, elongation stops
62%
Step 8 Splicing
46%
Step 6 mRNA is capped at the 5´
31%
Step 7 Polyadenylation, polyA stabilizes
31%
Step 3 RNAp stops transcribing, starts elongating
15%
No matching quizzes found
Score Distribution
Percent of People with Each Score
Percentile by Number Answered
Your Score History
You have not taken this quiz